| 000 | 00848nam a2200229 i 4500 | ||
|---|---|---|---|
| 001 | 121654 | ||
| 003 | ES-MaACL | ||
| 005 | 20251015063126.0 | ||
| 007 | t| | ||
| 008 | 070214s1978 cl r ||||1| spa d | ||
| 100 | 1 |
_aPortalis, Jean-Étienne-Marie, _d1745-1807 _993197 |
|
| 245 | 1 | 0 |
_aDiscurso preliminar del proyecto de Código civil francés / _cJean-Etienne-Marie Portalis ; traducción, prólogo y notas de Manuel de Rivacoba y Rivacoba. |
| 260 |
_aValparaíso (Chile) : _bEdeval, _c1978. |
||
| 300 |
_a135 p., 1 lám. ; _c19 cm. |
||
| 490 | 1 |
_aJuristas perennes ; _v2 |
|
| 610 | 2 | 4 |
_aFrancia. _tCode civil, 1804. _9154587 |
| 650 | 0 | 0 |
_aDerecho civil- _zFrancia. _911665 |
| 700 | 1 |
_aRivacoba y Rivacoba, Manuel de. _997535 |
|
| 830 | 1 |
_aJuristas perennes ; _v2 _9179517 |
|
| 852 |
_aES-MaACL _jA-9171 |
||
| 999 |
_c121654 _d121654 |
||